000 00326nam a22001457a 4500
008 210303b ||||| |||| 00| 0 eng d
020 _a9780534513078
041 _aeng
080 _23rd
_a37
082 _a37
100 _a46
101 _aEDU
245 _aInside Writing a Writer Workbook
_cSalomone, W
942 _2udc
_cBK
999 _c55650
_d55650